Úloha ľudského kapitálu v novej ekonomike

Ľudský kapitál a súčasný ekonomický výskum. Kvantifikácia zásoby ľudského kapitálu. Tvorba ľudského kapitálu v kontexte hospodársko-politických stratégií. Nevyhnutnosť posilnenia financovania vzdelania z verejných a súkromných zdrojov na Slovensku.

Salvato in:
Dettagli Bibliografici
Autore principale: Čaplánová, Anetta, 1967-
Natura: Capitolo di libro
Lingua:slovacco
Soggetti:
Tags: Aggiungi Tag
Nessun Tag, puoi essere il primo ad aggiungerne!!

MARC

LEADER 00000naa$a2200000$$$4500
001 0044917
005 20240502071524.5
041 0 |a slo 
044 |a SK 
245 1 0 |a Úloha ľudského kapitálu v novej ekonomike  |c Anetta Čaplánová 
520 |a Ľudský kapitál a súčasný ekonomický výskum. Kvantifikácia zásoby ľudského kapitálu. Tvorba ľudského kapitálu v kontexte hospodársko-politických stratégií. Nevyhnutnosť posilnenia financovania vzdelania z verejných a súkromných zdrojov na Slovensku. 
610 2 0 |a zdroje ľudské 
610 2 0 |a kapitál ľudský 
610 2 0 |a vzdelávanie 
610 2 0 |a financovanie 
610 2 0 |a Slovensko 
610 2 0 |a výskum ekonomický 
610 2 0 |a ekonomika nová 
610 2 0 |a rast hospodársky 
100 1 |a Čaplánová, Anetta, 1967-